000 00468pab a2200169 454500
008 180718b2005 xxu||||| |||| 00| 0 eng d
100 _aTremblay, Manon
245 _aWomen's political representation: does the electoral system matter?
260 _c2005
300 _ap.59-75.
362 _aJune
650 _aElections - New Zealand
650 _aWomen in politics - New Zealand
650 _aWomen in politics
773 _aPolitical Science
909 _a67360
999 _c67360
_d67360